| 000 | 00554nam a2200193 a 4500 | ||
|---|---|---|---|
| 005 | 20240911063908.0 | ||
| 008 | 991125s1982 bar 000 0 spa u | ||
| 020 | _a8472221946 | ||
| 035 | _aUPN01000027047 | ||
| 049 | _aCG | ||
| 050 | 4 |
_aZ718 _bV4.3 |
|
| 100 | 1 | _aVentura, Núria | |
| 245 | 1 | 0 |
_aGuía práctica para bibliotecas infantiles y escolares / _cNúria Ventura. |
| 260 |
_aBarcelona (Esp.) : _bLaia, _c1982. |
||
| 300 |
_a147 p. : _bil. |
||
| 650 | 2 |
_aBibliotecas escolares _92963 |
|
| 650 | 4 |
_aBIBLIOTECAS INFANTILES _92997 |
|
| 905 | _aLibro | ||
| 999 |
_c27047 _d27047 |
||